5HLuxD.jpg

KING HENRY VIII SENIOR AND PRIMARY SCHOOL LIBRARY OPAC

Water ghosts : (Record no. 532)

000 -LEADER
fixed length control field 01038nam a22002057a 4500
005 - DATE AND TIME OF LATEST TRANSACTION
control field 20190820115542.0
008 - FIXED-LENGTH DATA ELEMENTS--GENERAL INFORMATION
fixed length control field 190820b ||||| |||| 00| 0 eng d
020 ## - INTERNATIONAL STANDARD BOOK NUMBER
International Standard Book Number 9781943404001
040 ## - CATALOGING SOURCE
Transcribing agency KH8
082 ## - DEWEY DECIMAL CLASSIFICATION NUMBER
Classification number FIC COL
100 ## - MAIN ENTRY--PERSONAL NAME
Personal name Collison, Linda
245 ## - TITLE STATEMENT
Title Water ghosts :
Remainder of title a novel /
Statement of responsibility, etc. Linda Collison
260 ## - PUBLICATION, DISTRIBUTION, ETC.
Place of publication, distribution, etc. Jersey City, New Jersey :
Name of publisher, distributor, etc. Old Salt Press LLC,
Date of publication, distribution, etc. 2015.
300 ## - PHYSICAL DESCRIPTION
Extent 165 pages ;
Dimensions 23 cm.
520 ## - SUMMARY, ETC.
Summary, etc. <br/>I see things other people don't see; I hear things other people don't hear. Fifteen-year-old James McCafferty is an unwilling sailor aboard a traditional Chinese Junk operated as adventure-therapy for troubled teens. Once at sea, James believes the ship is being taken over by the spirits of courtiers who fled the Imperial palace during the Ming Dynasty, more than 600 years earlier, and sailing to its doom.
650 ## - SUBJECT ADDED ENTRY--TOPICAL TERM
Topical term or geographic name entry element Junks
Form subdivision Juvenile fiction.
650 ## - SUBJECT ADDED ENTRY--TOPICAL TERM
Topical term or geographic name entry element China
Form subdivision Juvenile fiction.
General subdivision History
Geographic subdivision Ming dynasty, 1368-1644
650 ## - SUBJECT ADDED ENTRY--TOPICAL TERM
Topical term or geographic name entry element China
Form subdivision Kings and rulers
General subdivision Juvenile fiction.
942 ## - ADDED ENTRY ELEMENTS (KOHA)
Source of classification or shelving scheme
Koha item type Books - Fiction
Holdings
Withdrawn status Lost status Source of classification or shelving scheme Damaged status Not for loan Collection code Permanent Location Current Location Shelving location Date acquired Total Checkouts Full call number Barcode Date last seen Date last checked out Price effective from Koha item type
          Fiction KH8 Senior School Library KH8 Senior School Library Fiction 2019-08-20 3 FIC COL 3KHSL000101237 2024-07-16 2022-04-25 2019-08-20 Books - Fiction

Powered By KH8 IT Dept